| 000 | 00480nam a2200181 i 4500 | ||
|---|---|---|---|
| 001 | 92418 | ||
| 003 | ES-MaACL | ||
| 005 | 20230906180951.0 | ||
| 007 | t| | ||
| 008 | 050307s1954 sp ||||1| spa d | ||
| 080 | _a821.134.2-31"19" | ||
| 100 | 1 |
_aLinares, Luisa-María. _972339 |
|
| 245 | 1 | 0 |
_aSoy la otra mujer : _bnovela / _cLuisa-María Linares. |
| 250 | _a1ª ed. | ||
| 260 |
_aBarcelona : _bJuventud, _c1954. |
||
| 300 |
_a270 p. ; _c19 cm. |
||
| 852 | 4 |
_aES-MaACL _jC-6913 |
|
| 999 |
_c92418 _d92418 |
||